000 00293nam a22001337a 4500
008 170615b xxu||||| |||| 00| 0 eng d
020 _a9780801868467
041 _aeng
080 _22ND
_a32
100 _a19
101 _aSHP
245 _aGOVERNING HEALTH
_cWEISSERT,C.S
942 _2udc
_cBK
999 _c17508
_d17508